|
|
|
|
| LEADER |
00000nas a2200000 i 4500 |
| 001 |
ssj0001608519 |
| 003 |
WaSeSS |
| 005 |
20200512172242.0 |
| 006 |
m d |
| 007 |
cr n |
| 008 |
150731c20149999txufr p s go 0 0eng c |
| 010 |
|
|
|a 2015250766
|
| 035 |
|
|
|a (WaSeSS)ssj0001608519
|
| 040 |
|
|
|a BUF
|b eng
|e pn
|c BUF
|d BUF
|d COO
|d OCLCO
|d OCL
|d NTG
|d WaSeSS
|
| 042 |
|
|
|a pcc
|
| 043 |
|
|
|a n-us---
|
| 050 |
1 |
4 |
|a K24
|b .E86
|
| 245 |
0 |
0 |
|a Texas journal of women, gender, and the law
|h [electronic resource].
|
| 246 |
1 |
|
|i Cite as:
|a Tex. J. Women, Gender & L.
|
| 260 |
|
|
|a Austin, Texas :
|b University of Texas at Austin, School of Law Publications
|
| 310 |
|
|
|a Semiannual
|
| 362 |
1 |
|
|a Began with Volume 24, issue 1 (fall 2014).
|
| 506 |
|
|
|a License restrictions may limit access.
|
| 588 |
|
|
|a Description based on: Volume 24, issue 1 (fall 2014); title from PDF table of contents page (HeinOnline, viewed July 31, 2015).
|
| 588 |
|
|
|a Latest issue consulted: Volume 24, issue 1 (fall 2014) (HeinOnline, viewed July 31, 2015).
|
| 650 |
|
0 |
|a Women
|x Legal status, laws, etc.
|z United States
|v Periodicals.
|
| 650 |
|
0 |
|a Sex discrimination against women
|x Law and legislation
|z United States
|v Periodicals.
|
| 650 |
|
0 |
|a Feminist jurisprudence
|v Periodicals.
|
| 650 |
|
0 |
|a Law in literature
|v Periodicals.
|
| 650 |
|
7 |
|a Feminist jurisprudence.
|2 fast
|0 (OCoLC)fst00922778
|
| 650 |
|
7 |
|a Law in literature.
|2 fast
|0 (OCoLC)fst00994014
|
| 650 |
|
7 |
|a Sex discrimination against women
|x Law and legislation.
|2 fast
|0 (OCoLC)fst01114381
|
| 650 |
|
7 |
|a Women
|x Legal status, laws, etc.
|2 fast
|0 (OCoLC)fst01176824
|
| 651 |
|
7 |
|a United States.
|2 fast
|0 (OCoLC)fst01204155
|
| 655 |
|
0 |
|a Electronic journals.
|
| 710 |
2 |
|
|a University of Texas at Austin.
|b School of Law.
|
| 776 |
0 |
8 |
|t Texas journal of women, gender, and the law
|w (DLC) 2015222169
|w (OCoLC)911529078
|
| 780 |
0 |
0 |
|t Texas journal of women and the law
|x 1943-1155
|w (DLC) 2008228500
|w (OCoLC)47006024
|
| 856 |
4 |
0 |
|z Full text available from Research Library: 09/01/2014 to 04/30/2015
|u https://search.proquest.com/publication/31137
|